Statistics for The Office Trivia - Multiple Choice

Click here to take the quiz!

General Stats

  • This quiz has been taken 29,549 times
  • The average score is 12 of 15

Answer Stats

QuestionAnswer% Correct
What serial killer is sometimes referenced throughout the series?The Scranton Strangler
96%
Which of the following is a quote from Stanley?Did I stutter?
93%
What kind of animal gets loose in the office and is eventually captured in a garbage bag over Meredith's head?Bat
92%
Who would Michael shoot twice if he was in a room with Bin Laden and Hitler?Toby
92%
What part of his body does Michael burn on a George Foreman grill?Foot
89%
What is the name of the movie Michael makes that stars people in the office?Threat Level Midnight
89%
Who plays in a Police cover band named "Scrantonicity"?Kevin
86%
Where did Roy take Pam on their first date?Minor league hockey game
84%
What is Creed's job title?Quality assurance
83%
What is the name of Creed's blog?Creed Thoughts
80%
Complete the quote from Andy: "Sorry I annoyed you with my ..."Friendship
78%
Which actress do the people in the office debate on whether or not she is "hot"?Hilary Swank
78%
What is the worst part of prison, according to Prison Mike?The Dementors
74%
In the episode "Health Care" which disorder is it revealed that Kevin suffers from?Anal Fissures
73%
According to the song, who shouldn't you invite to a celebration of Diwali?Zombies
43%

Score Distribution

Percentile by Number Answered

Percent of People with Each Score

Your Score History

You have not taken this quiz